Dzień w historii – luty - Statystyki

Ogólne statystyki
  • Ten quiz został rozwiązany 1 735 razy
  • Średni wynik to 19 z 29
Statystyki odpowiedzi
Data Rok Wskazówka Odpowiedź % Poprawnych
4 lut 2004 Mark Zuckerberg tworzy tę stronę internetową Facebook
95%
15 lut 1965 Flaga z symbolem liścia klonu zostaje ustanowiona w tym kraju Kanada
90%
24 lut 2022 Władimir Putin wydaje oddziałom rosyjskim rozkaz ataku na ten kraj Ukraina
89%
17 lut 2008 Ten kraj ogłasza niepodległość od Serbii Kosowo
88%
25 lut 1932 Adolf Hitler otrzymuje obywatelstwo tego państwa Niemcy
88%
18 lut 1930 Odkryta zostaje ta planeta karłowata Pluton
83%
26 lut 1815 Temu słynnemu przywódcy udaje się uciec z wyspy Elba Napoleon Bonaparte
80%
27 lut 1933 Pożarowi ulega Reichstag, budynek znajdujący się w tym mieście Berlin
79%
14 lut 1876 Alexander Graham Bell zgłasza ten wynalazek w biurze patentowym Telefon
78%
2 lut 1386 Sejm walny obwołuje tego wielkiego księcia litewskiego królem Polski, którego koronowano miesiąc później Władysław II Jagiełło
78%
3 lut 1518 Ta księżna Bari i Rosano wyrusza do Krakowa,by poślubić Zygmunta Starego Bona Sforza
77%
10 lut 2005 Ten kraj oznajmia, że jest w posiadaniu broni nuklearnej Korea Północna
76%
16 lut 1959 Ten rewolucjonista zostaje liderem Kuby Fidel Castro
75%
29 lut 2012 Otwarty zostaje ten stadion w miejscudawnego Stadionu Dziesięciolecia Stadion Narodowy
73%
5 lut 1939 Ten hiszpański generał zostaje na areniemiędzynarodowej uznany liderem tego kraju Francisco Franco
71%
9 lut 1788 Austria wypowiada wojnę temu imperium,przychodząc tym samym z pomocą Rosji Imperium Osmańskie
70%
28 lut 1981 W Polsce wprowadzone są kartki na ten rodzaj produktu spożywczego Mięso
70%
23 lut 1455 Umowna data, kiedy ten człowiek opublikowałpierwszą drukowaną Biblię w historii Jan Gutenberg
61%
21 lut 1848 Marks i Engels publikują ten "manifest" Manifest {Komunistyczny}
59%
12 lut 1832 Wyspy Galapagos zostają włączone do tego kraju Ekwador
58%
13 lut 1913 13-ty Dalai Lama ogłasza niepodległość tego kraju Tybet
55%
6 lut 1819 Zostaje założone przez brytyjczyków to azjatyckie miasto handlowe Singapur
54%
8 lut 1950 Ministerstwo Bezpieczeństwa Narodowego, znane jako Stasi,zostaje utworzone w tym kraju NRD
49%
11 lut 2009 Obowiązek zniesiony w Polsce Służba wojskowa
49%
7 lut 1939 Do Gdyni przypływa ten słynny okręt podwodny polskiej marynarki ORP "Orzeł"
48%
20 lut 1922 To zależne od Polski państwo zostaje do niej przyłączone Litwa Środkowa
21%
22 lut 2011 To nowozelandzkie miasto pada ofiarą katastrofalnego trzęsienia ziemi Christchurch
18%
19 lut 1986 Związek Radziecki wystrzeliwuje tę stację kosmiczną Mir
18%
1 lut 1958 Egipt i Syria tworzą unię, dając początek istnienia tego państwa Zjednoczona Republika Arabska
16%
Nie znaleziono quizów pasujących do podanych kryteriów
Rozkład punktacji
Procent ludzi z każdym wynikiem
Percentyl według liczby udzielonych odpowiedzi
Twoja historia wyników
Nie rozwiązałeś tego quizu